Quiz sur le Morbihan - Statistiques

Statistiques générales
  • Ce quiz a été pris 297 fois
  • Le résultat moyen est 14 sur 20
Statistiques - réponses
Question % Correct
Région Bretagne
99%
Numéro du département 56
98%
Préfecture Vannes
95%
Finistère
93%
Sous-préfecture et plus grande ville Lorient
93%
Départements limitrophes Côtes-d'Armor
90%
Ille-et-Vilaine
89%
Commune connue pour son alignement de 2934 menhirs Carnac
85%
Loire-Atlantique
85%
Forêt légendaire dont un petite partie serait situé dans le nord-est du département Forêt de Brocéliande
76%
Presqu'île touristique du département aboutissant au sud à la Pointe du Conguel Quiberon
73%
Gentilé Morbihannais
64%
Autre sous-préfecture Pontivy
63%
Homme politique et entrepreneur originaire du village de La Gacilly, connu pour la création d'une marque de cosmétique naturel portant son nom. Yves Rocher
62%
Plus grande île du département Belle-Ile-en-Mer
56%
Célébration de la plus grande ville rassemblant jusqu'à 800 000 personnes chaque année Festival interceltique de Lorient
56%
Signification du mot morbihan en breton Petite mer
55%
Parc naturel régional du département Parc naturel régional du Golfe du Morbihan
32%
Celui de Keroman est le premier de France en termes de valeur. Port de pêche
24%
Nombre d'habitants (arrondi à la dizaine de milliers d'habitants) 750 000 (754 867)
21%
Aucun quiz correspondant
Distribution des résultats
% des personnes avec chaque résultat
Percentile par nombre de réponses
Votre historique - résultats
Vous n’avez pas pris ce quiz